000 00341nam a2200145Ia 4500
008 090124s9999 xx 000 0 und d
082 _b302369
245 _a दणका
250 _a1
260 _bबांदोडकर व.पु.
_c1990
300 _a183
630 _a दणका
730 _a दणका
942 _cBOOK
999 _c192006
_d192006